01230nam a2200301Ia 450000500170000000800410001702000180005804100080007610000350008424500500011925000170016930000260018649000340021250000420024652100290028865000420031765000460035965000440040565000350044983001390048483001390062326400320076233600270079433700330082133800280085404000350088208400110091720220316235804.0121119s9999 xx 000 0 und d a9789584214904 aspa1 aBurgos Cantor, Roberto,d1948-13aLa ceiba de la memoriacRoberto Burgos Cantor a2a edición a409 páginasc24 cm. aSeix BarralvBiblioteca Breve aIncluye datos biográficos del autor aRecomendado para adultos14aLiteratura ColombianazSiglo XX2LEMB14aEsclavitud en la literaturavNovela2LEMB14aDerechos humanos en la literatura2LEMB14aRacismo en la literatura2LEMB aColección de Fortalecimiento del Ministerio de Cultura, Plan Nacional de Lectura y Escritura Leer es mi Cuento, Fortalecimiento 2011 aColección de Fortalecimiento del Ministerio de Cultura, Plan Nacional de Lectura y Escritura Leer es mi Cuento, Fortalecimiento 2012 aBogotábSeix Barralc2009 atextobtxt2rdacontent asin mediaciónbn2rdamedia avolumenbnc2rdacarrier aCO-BoRNBPbspaerdacCO-BoRNBP aN BUR9